Statistics for gundog breeds

Click here to take the quiz!

General Stats

  • This quiz has been taken 6 times
  • The average score is 5 of 16

Answer Stats

Answer% Correct
labrador retriever
100%
cocker spaniel
67%
irish setter
67%
clumber spaniel
33%
english setter
33%
german wirehaired pointer
33%
gordon setter
33%
weimaraner
33%
bracco italiano
17%
brittany
17%
chesapeake retreiver
17%
flat coat retreiver
17%
german shorthair pointer
17%
hungarian vizsla
17%
irish red and white setter
17%
large munsterlander
17%

Score Distribution

Percentile by Number Answered

Percent of People with Each Score

Your Score History

You have not taken this quiz